Mots de la langue française terminés par "lard" - Statistiques

Statistiques générales
  • Ce quiz a été pris 163 fois
  • Le résultat moyen est 9 sur 20
Statistiques - réponses
Indice Mot % Correct
graisse lard
97%
âgé vieillard
88%
écharpe foulard
80%
prisonnier (familier) taulard
74%
qui porte des lunettes (familier) binoclard
73%
peureux trouillard
71%
phénomène météorologique brouillard
64%
orque épaulard
50%
table billard
40%
rusé (familier) roublard
40%
vigoureux gaillard
38%
casanier (familier) pantouflard
34%
train tortillard
33%
gratte-papier scribouillard
29%
malin débrouillard
28%
véhicule corbillard
26%
grassouillet (familier) rondouillard
25%
retors vicelard
22%
bavard babillard
12%
boucher chevillard
3%
Aucun quiz correspondant
Distribution des résultats
% des personnes avec chaque résultat
Percentile par nombre de réponses
Votre historique - résultats
Vous n’avez pas pris ce quiz